| 000 | 00364nam a2200121Ia 4500 | ||
|---|---|---|---|
| 005 | 20260328104248.0 | ||
| 008 | 260328s9999||||xx |||||||||||||| ||und|| | ||
| 100 | _aKauffmann Doig, Federico | ||
| 245 | 0 |
_aPresencia de la Arquitectura virreainal de lima / _cFederico Kauffmann Doig |
|
| 260 | _bMuseo de Arte (Lima) | ||
| 650 | _aARQUITECTURA - CULTURA | ||
| 942 | _cBK | ||
| 999 |
_c10149 _d10149 |
||